Flexibilita ako nástroj fungovania trhu práce v kontexte s potrebou ochrany zamestnancov

Flexibilita - delenie flexibility a formy uplatňovania. Ochrana zamestnancov. Koncept flexiistoty (flexicurity). Politické nástroje flexiistoty. Prieskum názorov zamestnávateľov na uplatňovanie flexibilných foriem práce.

Salvato in:
Dettagli Bibliografici
Autore principale: Rievajová, Eva
Altri autori: Přívara, Andrej, 1983-
Natura: Capitolo di libro
Lingua:slovacco
Soggetti:
Tags: Aggiungi Tag
Nessun Tag, puoi essere il primo ad aggiungerne!!

MARC

LEADER 00000naa$a2200000$$$4500
001 0248067
005 20240502100706.3
041 0 |a slo 
044 |a SK 
245 1 0 |a Flexibilita ako nástroj fungovania trhu práce v kontexte s potrebou ochrany zamestnancov  |c Eva Rievajová, Andrej Přívara 
520 |a Flexibilita - delenie flexibility a formy uplatňovania. Ochrana zamestnancov. Koncept flexiistoty (flexicurity). Politické nástroje flexiistoty. Prieskum názorov zamestnávateľov na uplatňovanie flexibilných foriem práce. 
610 2 0 |a trh práce 
610 2 0 |a zamestnanie 
610 2 0 |a zamestnanosť 
610 2 0 |a flexibilita 
610 2 0 |a flexikurita 
610 2 0 |a politika sociálna 
610 2 0 |a ochrana pracovníkov 
100 1 |a Rievajová, Eva 
700 1 |a Přívara, Andrej, 1983-